Score 0/20 Timer 06:00
3 Plays Today
% Correct
The Very Hungry CATERPILLAR
93%
One, Two, Buckle My SHOE
92.2%
DAVID Copperfield
90%
HARRY POTTER and the Philosopher's Stone
90%
The CAT in the Hat
90%
Charlotte's WEB
89.5%
ANNA Karenina
88.9%
The Little HOUSE on the Prairie
88.6%
TREASURE Island
88.1%
The Lion, the WITCH and the Wardrobe
87.7%
% Correct
Brave New WORLD
87.5%
Life of PI
87.2%
The HORSE Whisperer
85.4%
The EAGLE Has Landed
84.9%
Three Men in a BOAT
84.7%
ANGELS and Demons
84.4%
Goodnight, MOON
82.2%
The Little PRINCE
81.9%
HEART of Darkness
77.6%
Ben-Hur: A Tale of the CHRIST
70.3%
Remove Ads.
Support Sporcle.
Get the best of Sporcle when you Go Orange. This ad-free experience offers more features, more stats, and more fun while also helping to support Sporcle. Thank you for becoming a member.

You're not logged in!

Compare scores with friends on all Sporcle quizzes.
OR
Log In

Show Comments

Extras

Top Quizzes Today


Score Distribution

Your Account Isn't Verified!

In order to create a playlist on Sporcle, you need to verify the email address you used during registration. Go to your Sporcle Settings to finish the process.

Report this User

Report this user for behavior that violates our Community Guidelines.

Details: